<?xml version="1.0" encoding="UTF-8"?>
<collection xmlns="http://www.loc.gov/MARC21/slim">
  <record>
    <leader>00000nam  2200000   4500</leader>
    <controlfield tag="001">INLIS000000000062182</controlfield>
    <controlfield tag="005">20230612014201</controlfield>
    <datafield tag="035" ind1="#" ind2="#">
      <subfield code="a">0010-0623000023</subfield>
    </datafield>
    <controlfield tag="007">ta</controlfield>
    <controlfield tag="008">230612################g##########0#ind##</controlfield>
    <datafield tag="100" ind1=" " ind2="#">
      <subfield code="a">Gunawan WB</subfield>
      <subfield code="e">penulis</subfield>
    </datafield>
    <datafield tag="245" ind1="#" ind2="#">
      <subfield code="a">Kamus sains IPA (ilmu pengetahuan alam) /</subfield>
      <subfield code="c">Drs. Gunawan WB</subfield>
    </datafield>
    <datafield tag="300" ind1="#" ind2="#">
      <subfield code="a">160 halaman ;</subfield>
      <subfield code="c">21 cm</subfield>
    </datafield>
    <datafield tag="041" ind1="#" ind2="#">
      <subfield code="a">ind</subfield>
    </datafield>
    <datafield tag="082" ind1="#" ind2="#">
      <subfield code="a">503</subfield>
    </datafield>
    <datafield tag="084" ind1="#" ind2="#">
      <subfield code="a">503 GUN k</subfield>
    </datafield>
    <datafield tag="264" ind1="#" ind2="#">
      <subfield code="a">Surabaya :</subfield>
      <subfield code="b">Penerbit Anugerah</subfield>
    </datafield>
    <datafield tag="336" ind1="#" ind2="#">
      <subfield code="a">teks</subfield>
      <subfield code="2">rdacontent</subfield>
    </datafield>
    <datafield tag="337" ind1="#" ind2="#">
      <subfield code="a">tanpa perantara</subfield>
      <subfield code="2">rdamedia</subfield>
    </datafield>
    <datafield tag="338" ind1="#" ind2="#">
      <subfield code="a">volume</subfield>
      <subfield code="2">rdacarrier</subfield>
    </datafield>
    <datafield tag="650" ind1="#" ind2="4">
      <subfield code="a">Sains - Kamus</subfield>
    </datafield>
    <datafield tag="990" ind1="#" ind2="#">
      <subfield code="a">03460346</subfield>
    </datafield>
  </record>
</collection>
